Statistics for Famous People from New Jersey by Picture

Click here to take the quiz!

General Stats

  • This quiz has been taken 18,037 times
    (9,101 since last reset)
  • The average score is 13 of 20

Answer Stats

Answer% Correct
Danny DeVito
87%
John Travolta
86%
Frank Sinatra
85%
Bruce Willis
83%
Bruce Springsteen
82%
Meryl Streep
82%
Whitney Houston
80%
Jack Nicholson
78%
Anne Hathaway
76%
Buzz Aldrin
67%
Martha Stewart
64%
Joe Pesci
61%
Jon Bon Jovi
61%
Queen Latifah
58%
James Gandolfini
42%
Jason Alexander
41%
Ed Harris
37%
Zach Braff
36%
Kevin Smith
32%
Mike Trout
32%

Score Distribution

Percentile by Number Answered

Percent of People with Each Score

Your Score History

You have not taken this quiz since the last reset